000 00772nas a2200253 4500
001 BR9704489
003 BR-BrBNA
005 20231205100527.0
007 ta
008 230509b bl.|||p| |||| 00| 00por d
040 _aBR-BrBNA
_bpor
_cBiblioteca Nacional de Agricultura
041 _a(Pt)
072 _aP40
100 1 _aMendonca, E.D.D.
100 1 _aCampelo Junior, J.H.
100 1 _aPriante Filho, N.
245 1 _aEstimativa da emissividade atmosferica em Santo Antonio do Leverger-MT
650 _aAtmosfera
650 _aRadiacao
650 _aMato Grosso
773 0 _tRevista Brasileira de Agrometeorologia (Brazil)
_xISSN 0104-1347
_g(Jul-Dec 1996), v. 4(2) p. 63-71
_wBR9704489
909 _a202311
_bLúcia
_c55
_dLúcia Elande
942 _2AGRIS
_n0
_cANA
999 _c156492
_d156492